[Event "Uzhgorod Spring op"]
[Site "Uzhgorod"]
[Date "2007.05.25"]
[Round "2"]
[White "Vovchuk, Orest"]
[Black "Bernadskiy, Vitaliy"]
[Result "0-1"]
[WhiteElo "2121"]
[BlackElo "2250"]
[PlyCount "81"]
[EventDate "2007.05.24"]
[EventType "swiss"]
[EventRounds "7"]
[EventCountry "UKR"]
[SourceTitle "CBM 118 Extra"]
[Source "ChessBase"]
[SourceDate "2007.07.04"]
[SourceVersion "1"]
[SourceVersionDate "2007.07.04"]
[SourceQuality "1"]

1. e4 e6 2. d4 d5 3. e5 c5 4. c3 Nc6 5. Nf3 Qb6 6. Be2 cxd4 7. cxd4 Nge7 8. b3 Nf5 9. Bb2 Bb4+ 10. Kf1 0-0 11. g4 Nh6 12. Rg1 Kh8 13. Rg3 f6 14. exf6 gxf6 15. Bc1 Ng8 16. Na3 Bc3 17. Nc2 Bxa1 18. Nxa1 Nge7 19. Nc2 Bd7 20. Qd2 Be8 21. g5 f5 22. Ba3 Rg8 23. h4 Qc7 24. Nfe1 Ng6 25. h5 Nf4 26. Qd1 Nxe2 27. Qxe2 f4 28. Rg2 Qf7 29. h6 Qf5 30. Qg4 Bg6 31. Bd6 f3 32. Rg3 Qxg4 33. Rxg4 Rgd8 34. Ba3 Rdc8 35. Ne3 Be4 36. Rf4 Kg8 37. Ng4 Nxd4 38. Be7 Ne2 39. Rf6 Re8 40. Bd6 Bf5 41. Ne3 0-1

[Event "Nyiregyhaza op"]
[Site "Nyiregyhaza"]
[Date "2004.07.18"]
[Round "9"]
[White "Vovchuk, Orest"]
[Black "Maraczi, Erno"]
[Result "0-1"]
[WhiteElo "2165"]
[BlackElo "2105"]
[PlyCount "82"]
[EventDate "2004.07.10"]
[EventType "swiss"]
[EventRounds "9"]
[EventCountry "HUN"]
[SourceTitle "EXT 2008"]
[Source "ChessBase"]
[SourceDate "2007.11.25"]
[SourceVersion "1"]
[SourceVersionDate "2007.11.25"]
[SourceQuality "1"]

1. e4 e6 2. d4 d5 3. Nd2 c5 4. exd5 Qxd5 5. Ngf3 cxd4 6. Bc4 Qc5 7. Qe2 Nc6 8. Nb3 Qb6 9. 0-0 a6 10. Bf4 Nge7 11. Bd6 Ng6 12. Bg3 Be7 13. Rad1 Bf6 14. Bd6 Qd8 15. Bc5 b5 16. Nfxd4 Nxd4 17. Nxd4 bxc4 18. Nf5 Qc7 19. Qe4 Be7 20. Nxe7 Bb7 21. Nf5 Qxc5 22. Nd6+ Qxd6 23. Qxb7 Qb8 24. Qc6+ Kf8 25. Qc5+ Kg8 26. Rd6 h6 27. Rfd1 Qxb2 28. Qxc4 Kh7 29. Qe4 Rhd8 30. g3 Rxd6 31. Rxd6 Rc8 32. c4 Qa1+ 33. Kg2 Qxa2 34. Rd4 Qa4 35. f3 Qa2+ 36. Kh3 Rc5 37. g4 Qa1 38. f4 Ra5 39. Rd3 Qf1+ 40. Kg3 Ra2 41. f5 Qf2+ 0-1

[Event "Nyiregyhaza op"]
[Site "Nyiregyhaza"]
[Date "2004.07.17"]
[Round "8"]
[White "Szeberenyi, Adam"]
[Black "Vovchuk, Orest"]
[Result "1-0"]
[WhiteElo "2422"]
[BlackElo "2165"]
[PlyCount "59"]
[EventDate "2004.07.10"]
[EventType "swiss"]
[EventRounds "9"]
[EventCountry "HUN"]
[SourceTitle "EXT 2008"]
[Source "ChessBase"]
[SourceDate "2007.11.25"]
[SourceVersion "1"]
[SourceVersionDate "2007.11.25"]
[SourceQuality "1"]

1. d4 e6 2. c4 Nf6 3. Nf3 Bb4+ 4. Bd2 Be7 5. Nc3 d5 6. Bg5 h6 7. Bh4 0-0 8. e3 b6 9. Bxf6 Bxf6 10. cxd5 exd5 11. Be2 Be6 12. 0-0 c5 13. Qa4 a6 14. Rfd1 c4 15. Ne5 b5 16. Nxb5 Bxe5 17. dxe5 Bd7 18. Rxd5 Bxb5 19. Rxb5 axb5 20. Qxa8 Qd2 21. Bf3 Qxb2 22. Rf1 c3 23. Qd5 c2 24. Qd2 Rc8 25. Rc1 Na6 26. e6 fxe6 27. Bb7 Rc7 28. Be4 Qb4 29. Qd8+ Kf7 30. Bh7 1-0

[Event "Nyiregyhaza op"]
[Site "Nyiregyhaza"]
[Date "2004.07.12"]
[Round "3"]
[White "Kiss, Balazs1111"]
[Black "Vovchuk, Orest"]
[Result "0-1"]
[WhiteElo "2010"]
[BlackElo "2165"]
[PlyCount "106"]
[EventDate "2004.07.10"]
[EventType "swiss"]
[EventRounds "9"]
[EventCountry "HUN"]
[SourceTitle "EXT 2008"]
[Source "ChessBase"]
[SourceDate "2007.11.25"]
[SourceVersion "1"]
[SourceVersionDate "2007.11.25"]
[SourceQuality "1"]

1. d4 e6 2. Nf3 d5 3. c4 Nf6 4. Nc3 Bb4 5. Bg5 0-0 6. e3 c5 7. a3 Bxc3+ 8. bxc3 Nbd7 9. Bd3 dxc4 10. Bxc4 Qa5 11. Qb3 Ne4 12. Be7 Re8 13. Bh4 cxd4 14. exd4 Qxc3+ 15. Qxc3 Nxc3 16. Rc1 Ne4 17. 0-0 h6 18. d5 exd5 19. Bxd5 Nb6 20. Rfd1 Nxd5 21. Rxd5 Be6 22. Rd4 f5 23. Bg3 Rac8 24. Re1 Rc2 25. Rb4 Nc5 26. Nd4 Ra2 27. Rbb1 Bd7 28. Rxe8+ Bxe8 29. Bd6 b6 30. Nxf5 Rxa3 31. h3 Ra5 32. Re1 Bd7 33. Ne3 Be6 34. Nc2 Bf7 35. Nb4 Ra4 36. Nc6 Ne4 37. Bb8 a6 38. f3 Nf6 39. Re7 Bd5 40. Ne5 Ra1+ 41. Kf2 Rc1 42. Ng6 Rc8 43. Be5 Bf7 44. Nf4 Ra8 45. g4 b5 46. h4 Ne8 47. g5 hxg5 48. hxg5 g6 49. Rb7 Rc8 50. Rb6 Rc5 51. Bf6 a5 52. Bd8 a4 53. Nd3 Rd5 0-1

[Event "Nyiregyhaza op"]
[Site "Nyiregyhaza"]
[Date "2004.07.11"]
[Round "2"]
[White "Vovchuk, Orest"]
[Black "Somborski, Nebojsa"]
[Result "0-1"]
[WhiteElo "2165"]
[BlackElo "2350"]
[PlyCount "116"]
[EventDate "2004.07.10"]
[EventType "swiss"]
[EventRounds "9"]
[EventCountry "HUN"]
[SourceTitle "EXT 2008"]
[Source "ChessBase"]
[SourceDate "2007.11.25"]
[SourceVersion "1"]
[SourceVersionDate "2007.11.25"]
[SourceQuality "1"]

1. e4 e5 2. Nf3 Nc6 3. Bc4 Bc5 4. 0-0 Nf6 5. c3 Nxe4 6. d4 d5 7. Re1 dxc4 8. Rxe4 0-0 9. Nxe5 Nxe5 10. Rxe5 Bd6 11. Re1 Qh4 12. g3 Qh3 13. Qf3 c6 14. Nd2 Be6 15. Qg2 Qxg2+ 16. Kxg2 Rfe8 17. f3 Bd5 18. Rxe8+ Rxe8 19. Kf2 b5 20. Nf1 f5 21. Bd2 g6 22. Ne3 Bf7 23. Ng2 a5 24. b4 Ra8 25. a3 axb4 26. cxb4 h6 27. Ne3 Be6 28. Bc3 Kf7 29. Bb2 g5 30. Rd1 f4 31. Nc2 Bf5 32. Ne1 Ke6 33. Ng2 Bh3 34. Ne1 Kd5 35. g4 h5 36. gxh5 Rh8 37. Ra1 Rxh5 38. a4 Bf5 39. Bc3 Rxh2+ 40. Kg1 Rh7 41. axb5 cxb5 42. Ra5 Rb7 43. Ng2 Be6 44. Ne1 Bc7 45. Ra1 Bb6 46. Kg2 Ra7 47. Rxa7 Bxa7 48. Nc2 g4 49. fxg4 Bxg4 50. Na3 Bxd4 51. Bxd4 Kxd4 52. Nxb5+ Ke3 53. Na3 Bf3+ 54. Kh2 c3 55. b5 Kd3 56. b6 c2 57. Nxc2 Kxc2 58. Kh3 Kd3 0-1